Adhunik poribesh adhyoyon (Record no. 1539)

MARC details
000 -LEADER
fixed length control field 00571cam a2200217ua 4500
001 - CONTROL NUMBER
control field 1653
005 - DATE AND TIME OF LATEST TRANSACTION
control field 20260515113352.0
008 - FIXED-LENGTH DATA ELEMENTS--GENERAL INFORMATION
fixed length control field 110714n ii |||gr||||Z||||||asm
020 ## - INTERNATIONAL STANDARD BOOK NUMBER
International Standard Book Number 81-86384-94-4
040 ## - CATALOGING SOURCE
Transcribing agency MAIN
082 ## - DEWEY DECIMAL CLASSIFICATION NUMBER
Classification number 333.7
245 11 - TITLE STATEMENT
Title Adhunik poribesh adhyoyon
Statement of responsibility, etc. by Debendra Nath Bhattacharjee
250 ## - EDITION STATEMENT
Edition statement 1st ed.
260 ## - PUBLICATION, DISTRIBUTION, ETC.
Place of publication, distribution, etc. Guwahati:
Name of publisher, distributor, etc. Assam publishing company,
Date of publication, distribution, etc. 2006.
300 ## - PHYSICAL DESCRIPTION
Extent 270p.:5cm.
653 ## - INDEX TERM--UNCONTROLLED
Uncontrolled term Economics
653 ## - INDEX TERM--UNCONTROLLED
Uncontrolled term Poribesh adhyoyon
653 ## - INDEX TERM--UNCONTROLLED
Uncontrolled term Environmental studies
700 1# - ADDED ENTRY--PERSONAL NAME
Personal name Bhattacharjee, Debendra Nath,
942 ## - ADDED ENTRY ELEMENTS (KOHA)
Koha item type Books
Holdings
Withdrawn status Lost status Damaged status Not for loan Home library Current library Shelving location Date acquired Total checkouts Full call number Barcode Date last seen Date last checked out Copy number Price effective from Koha item type
        Naharkatiya College Library Naharkatiya College Library General stacks 09/19/2020 8 333.7 | ADH 16484 01/23/2024 01/23/2024 1 09/19/2020 Books